Modeling and analysis of demand side management (Record no. 295775)

MARC details
000 -LEADER
fixed length control field 00362nam a2200133Ia 4500
008 - FIXED-LENGTH DATA ELEMENTS--GENERAL INFORMATION
fixed length control field 240126s9999 xx 000 0 und d
041 ## - LANGUAGE CODE
Language code of text/sound track or separate title English
082 ## - DEWEY DECIMAL CLASSIFICATION NUMBER
Classification number TSCS23-20
100 ## - MAIN ENTRY--PERSONAL NAME
Personal name Anuradha K.
245 #0 - TITLE STATEMENT
Title Modeling and analysis of demand side management
Remainder of title Dr. Vamsi Krishna Tumuluru
260 ## - PUBLICATION, DISTRIBUTION, ETC.
Name of publisher, distributor, etc. PES University
Place of publication, distribution, etc. Bangalore
440 ## - SERIES STATEMENT/ADDED ENTRY--TITLE
Title NULL
942 ## - ADDED ENTRY ELEMENTS (KOHA)
Koha item type Thesis
Holdings
Date last seen Total checkouts Full call number Accession number Volume/Issue Number Price effective from Category Lost status Damaged status Withdrawn status Home library Current library Shelving location Entry date Grants Currency symbol Conversion rate Discount
26/01/2024   TSCS23-20 TS20 (15/07/1905) 26/01/2024 Thesis       Central Library Central Library Central Library   EC RS 1  

© For any Suggestions or Query, please contact the library staff @ librarian@pes.edu or Phone: +9180 2672 1983/ 2108.